Straussova Noc v Benátkach na doskách Opery SND

Bibliographic Details
Main Author: Unger, Pavel, 1951- (Author)
Format: Article
Language:Slovak
Subjects:

MARC

LEADER 00000nab a2200000 a 4500
001 vtls000791187
003 SK-MaSNL
005 20260304104616.0
008 250429c2002 xo 0 slo
015 |a SNBRB2002/04-13417 
035 |a CLN000142842 
035 |a urn:nbn:sk:snk-ab21dn 
035 |a (urnnbn)urn:nbn:sk:snk:ar-a01ekb 
035 |a (uuid)23286b8c-0214-4a59-b49a-a5e3dc43e211 
040 |a SNKBUCL  |b slo  |c SNKBUCL  |e AACR2 
041 0 |a slo 
044 |a xo  |c SK 
080 |a 792.5  |2 1997 
100 1 |a Unger, Pavel,  |d 1951-  |4 aut  |9 340556 
245 1 0 |a Straussova Noc v Benátkach na doskách Opery SND  |c Pavel Unger 
300 |b Fotogr. 
600 1 7 |a Strauss, Johann,  |d 1825-1899  |t Noc v Benátkach  |2 snkbucl  |9 29401 
610 2 7 |a Slovenské národné divadlo.  |b Opera  |2 snkbucl  |9 65024 
651 7 |a Bratislava (Slovensko)  |2 snkbucl 
655 7 |a články z novín a časopisov  |2 snkbucl  |9 267496 
730 |a Noc v Benátkach  |9 464646 
773 0 |t Hudobný život  |g Roč. 34, č. 1 (2002), s. 18-19  |x 1335-4140 
850 |a Slovenská národná knižnica 
852 |a Slovenská národná knižnica 
954 |a odborná, vedecká literatúra pôvodná (slovenská)  |2 lita 
958 |a article27 
958 |a OND 
958 |a SK 
958 |a RC 
958 |a EUIPO 
992 |a RBX 
999 |c 2852221  |d 2854151